000 00600nam a2200241Ia 4500
003 OSt
005 20221005124315.0
006 a|||||r|||| 00| 0
007 ta
008 221004b |||||||| |||| 00| 0 urd d
020 _c180.00
024 _a16456
037 _cTextual
040 _aCRL
_cCRL
_burd
041 _2urd
_aurd
082 _aO168:gxM8A:g, N2.1
100 _aAnjum Khaleeq
_9635017
245 0 _aMolvi Abdul Haq
260 _c1992
650 _aURDU LITERATURE
942 _hO168:gxM8A:g, N2.1
_cTEXL
_2cc
999 _c1050077
_d1050077